TV Debuts: 2013 Quiz Stats

 Plays Quiz Updated Oct 19, 2017

Also try: TV Debuts: 2012
Challenge
Share
Tweet
Score 0/18 Timer 05:00
4 Plays Today
Hint Answer % Correct
Orange is the New Black
96.8%
House of Cards
81.8%
Marvel's Agents of S.H.I.E.L.D.
70.2%
Brooklyn Nine-Nine
67.7%
The Blacklist
62.1%
Bates Motel
52.3%
Hannibal
48.7%
The Goldbergs
46.6%
Sleepy Hollow
45.1%
Hint Answer % Correct
Vikings
43.6%
Orphan Black
32.5%
Under the Dome
31.8%
Broadchurch
29%
The Carrie Diaries
28%
The Originals
18%
Almost Human
13.8%
Da Vinci's Demons
10.5%
Hemlock Grove
5.1%

You're not logged in!

Compare scores with friends on all Sporcle quizzes.
Join for Free
OR
Log In

You Might Also Like...

Show Comments

Extras

Top Quizzes Today


Score Distribution

Your Account Isn't Verified!

In order to create a playlist on Sporcle, you need to verify the email address you used during registration. Go to your Sporcle Settings to finish the process.

Report this User

Report this user for behavior that violates our Community Guidelines.

Details: